UM Logo

Health & safety at work: (Record no. 3605)

MARC details
000 -LEADER
fixed length control field 00613nam a22001817a 4500
008 - FIXED-LENGTH DATA ELEMENTS--GENERAL INFORMATION
fixed length control field 160727b xxu||||| |||| 00| 0 eng d
020 ## - INTERNATIONAL STANDARD BOOK NUMBER
International Standard Book Number 9780749451486
082 ## - DEWEY DECIMAL CLASSIFICATION NUMBER
Edition number 2008
Classification number DC 614.852
Item number St8h
100 ## - MAIN ENTRY--PERSONAL NAME
9 (RLIN) 11992
Personal name Stranks, Jeremy
245 ## - TITLE STATEMENT
Title Health & safety at work:
Remainder of title an essential guide for managers/
Statement of responsibility, etc. Jeremy Stranks.
250 ## - EDITION STATEMENT
Edition statement Revised 8th edition
260 ## - PUBLICATION, DISTRIBUTION, ETC. (IMPRINT)
Place of publication, distribution, etc. London:
Name of publisher, distributor, etc. Kogan Page Limited,
Date of publication, distribution, etc. c2008.
300 ## - PHYSICAL DESCRIPTION
Extent xii, 340 pages;
Dimensions 23 cm.
500 ## - GENERAL NOTE
General note Includes bibliographical references and index.
650 #0 - SUBJECT ADDED ENTRY--TOPICAL TERM
9 (RLIN) 11996
Topical term or geographic name as entry element Industrial management
Geographic subdivision Great Britain
365 ## - TRADE PRICE
Price type code Php
Price amount 3824.00
942 ## - ADDED ENTRY ELEMENTS (KOHA)
Source of classification or shelving scheme Dewey Decimal Classification
Koha item type Circulation
Holdings
Withdrawn status Lost status Source of classification or shelving scheme Damaged status Not for loan Collection code Home library Current library Date acquired Source of acquisition Total Checkouts Full call number Barcode Date last seen Price effective from Koha item type
    Dewey Decimal Classification     Circulation UM Digos College - LIC UM Digos College - LIC 10/24/2008 Purchased   DC 614.852 St8h 2008 19834 05/15/2025 07/27/2016 Circulation